[Event "Graz op-A"]
[Site "Graz"]
[Date "2020.02.19"]
[Round "7"]
[White "Regez, Markus"]
[Black "Sandhoefner, Florian"]
[Result "1/2-1/2"]
[WhiteElo "2144"]
[BlackElo "2328"]
[PlyCount "68"]
[EventDate "2020.02.14"]
[EventType "swiss"]
[EventRounds "9"]
[EventCountry "AUT"]
[SourceTitle "CBM 195 Extra"]
[Source "ChessBase"]
[SourceDate "2020.05.31"]
[SourceVersion "1"]
[SourceVersionDate "2020.05.31"]
[SourceQuality "1"]

1. d4 d5 2. Nc3 Nf6 3. Bg5 Nbd7 4. e3 c6 5. f4 e6 6. Bd3 Be7 7. Nf3 c5 8. 0-0 0-0 9. Qe1 h6 10. Bxf6 Nxf6 11. Kh1 Qc7 12. Ne5 a6 13. g4 Nd7 14. Qg3 Nxe5 15. fxe5 Qd8 16. Rf3 b5 17. Rg1 Bh4 18. Qh3 c4 19. Bf1 Bg5 20. Ne2 f6 21. Qg3 fxe5 22. Rxf8+ Qxf8 23. h4 Be7 24. dxe5 Bd7 25. Nd4 Qf7 26. Bg2 Rf8 27. Bf3 g5 28. h5 c3 29. b3 Bc5 30. Kg2 Bxd4 31. exd4 Qh7 32. Rc1 Rf4 33. Qf2 b4 34. a4 Bc8 1/2-1/2

[Event "SUI-chT"]
[Site "Switzerland"]
[Date "2015.06.28"]
[Round "5.8"]
[White "Grandadam, Patrick"]
[Black "Regez, Markus"]
[Result "1-0"]
[WhiteElo "2269"]
[BlackElo "2203"]
[PlyCount "57"]
[EventDate "2015.03.29"]
[EventType "team-tourn"]
[EventRounds "9"]
[EventCountry "SUI"]
[SourceTitle "EXT 2016"]
[Source "ChessBase"]
[SourceDate "2015.10.08"]
[SourceVersion "1"]
[SourceVersionDate "2015.10.08"]
[SourceQuality "1"]
[WhiteTeam "Riehen"]
[BlackTeam "Bern Schwarz Weiss"]
[WhiteTeamCountry "SUI"]
[BlackTeamCountry "SUI"]

1. Nf3 Nf6 2. c4 e6 3. d4 b6 4. g3 Bb7 5. Bg2 Bb4+ 6. Bd2 a5 7. 0-0 0-0 8. Bf4 Na6 9. c5 a4 10. a3 Ba5 11. Qxa4 Bc6 12. Qc2 bxc5 13. dxc5 Be4 14. Qc1 c6 15. b4 Bc7 16. Nc3 Bg6 17. Ne5 Nd5 18. Nxg6 Nxc3 19. Qxc3 fxg6 20. Be3 Rf5 21. Rad1 Qe7 22. Qd3 Rf7 23. Rc1 Be5 24. b5 Nc7 25. bxc6 d5 26. cxd6 Bxd6 27. Rfd1 Bxa3 28. Ra1 Rf5 29. Qd7 1-0

[Event "SUI-chT"]
[Site "Switzerland"]
[Date "2015.05.31"]
[Round "4.6"]
[White "Regez, Markus"]
[Black "Weindl, Alfred"]
[Result "1/2-1/2"]
[WhiteElo "2203"]
[BlackElo "2370"]
[PlyCount "60"]
[EventDate "2015.03.29"]
[EventType "team-tourn"]
[EventRounds "9"]
[EventCountry "SUI"]
[SourceTitle "EXT 2016"]
[Source "ChessBase"]
[SourceDate "2015.10.08"]
[SourceVersion "1"]
[SourceVersionDate "2015.10.08"]
[SourceQuality "1"]
[WhiteTeam "Bern Schwarz Weiss"]
[BlackTeam "Luzern"]
[WhiteTeamCountry "SUI"]
[BlackTeamCountry "SUI"]

1. e4 c5 2. Nf3 Nc6 3. d4 cxd4 4. Nxd4 Nf6 5. Nc3 d6 6. Bg5 e6 7. Qd3 a6 8. 0-0-0 Bd7 9. f4 h6 10. Bh4 g5 11. Nxc6 Bxc6 12. fxg5 Ng4 13. Be2 Ne5 14. Qe3 Be7 15. Kb1 hxg5 16. Bg3 Qa5 17. Rhf1 f6 18. h3 0-0-0 19. Bf2 Bd7 20. Rd2 Qc5 21. Qg3 Qc7 22. Rfd1 Kb8 23. Be3 Rc8 24. Qf2 Be8 25. Ba7+ Ka8 26. Bb6 Qc6 27. a4 Nd7 28. Bd4 Bf7 29. Bf3 Ne5 30. Be2 Nd7 1/2-1/2

[Event "SUI-chT"]
[Site "Switzerland"]
[Date "2015.04.25"]
[Round "2.8"]
[White "Gaehwiler, Gabriel"]
[Black "Regez, Markus"]
[Result "1-0"]
[WhiteElo "2346"]
[BlackElo "2203"]
[PlyCount "125"]
[EventDate "2015.03.29"]
[EventType "team-tourn"]
[EventRounds "9"]
[EventCountry "SUI"]
[SourceTitle "EXT 2016"]
[Source "ChessBase"]
[SourceDate "2015.10.08"]
[SourceVersion "1"]
[SourceVersionDate "2015.10.08"]
[SourceQuality "1"]
[WhiteTeam "Winterthur"]
[BlackTeam "Bern Schwarz Weiss"]
[WhiteTeamCountry "SUI"]
[BlackTeamCountry "SUI"]

1. d4 Nf6 2. c4 g6 3. Nc3 d5 4. Nf3 Bg7 5. g3 0-0 6. Bg2 dxc4 7. 0-0 Nfd7 8. Bf4 Nb6 9. Qc1 Nc6 10. Rd1 Bg4 11. d5 Nb4 12. Ne5 Qc8 13. Nxg4 Qxg4 14. Bxc7 Na6 15. Bxb6 axb6 16. d6 Bxc3 17. dxe7 Rfe8 18. Qxc3 Rxe7 19. Bf3 Qc8 20. Rd6 b5 21. Rad1 Nc5 22. Qb4 Ne6 23. Qxb5 Rxa2 24. Qb6 Qc7 25. Qxc7 Rxc7 26. Rb6 Nc5 27. Rc1 Na4 28. Rxb7 Rxb7 29. Bxb7 Rxb2 30. Rxc4 Rxb7 31. Rxa4 h5 32. Kg2 Rb3 33. Rd4 Kg7 34. Rd5 Kf6 35. Rd6+ Ke7 36. Ra6 Rb4 37. h4 Rb3 38. Ra5 Kf6 39. Ra6+ Ke7 40. e3 Rb2 41. Kf3 Rc2 42. Ra7+ Ke6 43. Ra6+ Ke7 44. e4 Rb2 45. Ke3 Rb3+ 46. Kf4 Rb2 47. f3 Rb3 48. Ra7+ Ke6 49. e5 Rb4+ 50. Kg5 Rb3 51. Ra6+ Ke7 52. Rf6 Rb5 53. f4 Rb3 54. Kh6 Rxg3 55. Kg7 Rg4 56. Rxf7+ Ke6 57. Kf8 Kd5 58. Rf6 g5 59. hxg5 h4 60. e6 h3 61. e7 h2 62. e8Q h1Q 63. Qc6+ 1-0

[Event "SUI-chT"]
[Site "Switzerland"]
[Date "2014.06.29"]
[Round "5.7"]
[White "Regez, Markus"]
[Black "Rindlisbacher, Lars"]
[Result "0-1"]
[WhiteElo "2204"]
[BlackElo "2319"]
[PlyCount "74"]
[EventDate "2014.03.16"]
[EventType "team-tourn"]
[EventRounds "9"]
[EventCountry "SUI"]
[SourceTitle "EXT 2015"]
[Source "ChessBase"]
[SourceDate "2014.11.20"]
[SourceVersion "1"]
[SourceVersionDate "2014.11.20"]
[SourceQuality "1"]
[WhiteTeam "Bern Schwarz Weiss"]
[BlackTeam "Zuerich"]
[WhiteTeamCountry "SUI"]
[BlackTeamCountry "SUI"]

1. d4 Nf6 2. c4 e6 3. Nf3 d5 4. Bg5 h6 5. Bh4 g5 6. Bg3 Ne4 7. Nfd2 Nxg3 8. hxg3 Bg7 9. e3 c5 10. Nb3 cxd4 11. Nxd4 Nc6 12. Nxc6 bxc6 13. Nc3 Rb8 14. Qd2 Qa5 15. Rc1 Ba6 16. Be2 Qb4 17. cxd5 Bxe2 18. dxe6 fxe6 19. Nxe2 Qxd2+ 20. Kxd2 Rxb2+ 21. Rc2 Rxc2+ 22. Kxc2 Kd7 23. Rb1 Kc7 24. g4 Rd8 25. Rb4 Rd5 26. Re4 Ra5 27. a4 Kd6 28. Kb3 c5 29. f4 Ra6 30. f5 Rb6+ 31. Kc2 Rb2+ 32. Kd3 exf5 33. gxf5 Be5 34. Rc4 h5 35. g3 Ra2 36. Rc1 Rxa4 37. Rh1 h4 0-1

[Event "Oberliga Baden 1314"]
[Site "Germany"]
[Date "2013.11.24"]
[Round "3.6"]
[White "Regez, Markus"]
[Black "Loewe, Lennard"]
[Result "1-0"]
[WhiteElo "2197"]
[BlackElo "2159"]
[PlyCount "47"]
[EventDate "2013.10.13"]
[EventType "team-tourn"]
[EventRounds "9"]
[EventCountry "GER"]
[SourceTitle "EXT 2015"]
[Source "ChessBase"]
[SourceDate "2014.11.20"]
[SourceVersion "1"]
[SourceVersionDate "2014.11.20"]
[SourceQuality "1"]
[WhiteTeam "Dreisamtal"]
[BlackTeam "Ettlingen"]
[WhiteTeamCountry "GER"]
[BlackTeamCountry "GER"]

1. d4 d5 2. c4 e6 3. Nf3 Nf6 4. g3 c5 5. cxd5 exd5 6. Bg2 Nc6 7. 0-0 Be7 8. Nc3 0-0 9. Bg5 c4 10. Ne5 Be6 11. Bxf6 Bxf6 12. f4 Qb6 13. e3 Qxb2 14. Nxd5 Bxd5 15. Bxd5 Bxe5 16. fxe5 Rad8 17. Rb1 Qxa2 18. Qf3 Qa5 19. Bxf7+ Kh8 20. Rxb7 Rc8 21. e6 Qa6 22. Rd7 Qa3 23. Rd5 c3 24. Rh5 1-0

[Event "Lugano New op 7th"]
[Site "Lugano"]
[Date "2013.03.30"]
[Round "3"]
[White "Pinchetti, Andrea"]
[Black "Regez, Markus"]
[Result "0-1"]
[WhiteElo "2015"]
[BlackElo "2183"]
[PlyCount "78"]
[EventDate "2013.03.29"]
[EventType "swiss"]
[EventRounds "6"]
[EventCountry "SUI"]
[SourceTitle "CBM 153 Extra"]
[Source "ChessBase"]
[SourceDate "2013.04.22"]
[SourceVersion "1"]
[SourceVersionDate "2013.04.22"]
[SourceQuality "1"]

1. e4 e5 2. Nf3 Nc6 3. d4 exd4 4. Nxd4 Nf6 5. Nxc6 bxc6 6. e5 Qe7 7. Qe2 Nd5 8. c4 Nb6 9. Nd2 a5 10. b3 a4 11. Bb2 axb3 12. axb3 Rxa1+ 13. Bxa1 Qa3 14. Bd4 Bb4 15. Be3 Qxb3 16. Qd3 Qa2 17. Be2 Ba6 18. 0-0 Bxd2 19. Bxb6 cxb6 20. Rd1 0-0 21. Qxd2 Bxc4 22. Bxc4 Qxc4 23. Qxd7 h6 24. g3 b5 25. Rd6 c5 26. Rc6 Ra8 27. e6 Ra1+ 28. Kg2 Qf1+ 29. Kf3 Ra3+ 30. Kg4 f5+ 31. Kxf5 Qxf2+ 32. Ke5 Qf6+ 33. Kd6 c4 34. Qe8+ Kh7 35. Kc5 Qe5+ 36. Kb6 Qd4+ 37. Kc7 Qa7+ 38. Kc8 Qa8+ 39. Kd7 Ra7+ 0-1

[Event "Lugano New op 7th"]
[Site "Lugano"]
[Date "2013.03.29"]
[Round "1"]
[White "Sandipan, Chanda"]
[Black "Regez, Markus"]
[Result "1-0"]
[WhiteElo "2628"]
[BlackElo "2183"]
[PlyCount "67"]
[EventDate "2013.03.29"]
[EventType "swiss"]
[EventRounds "6"]
[EventCountry "SUI"]
[SourceTitle "CBM 153 Extra"]
[Source "ChessBase"]
[SourceDate "2013.04.22"]
[SourceVersion "1"]
[SourceVersionDate "2013.04.22"]
[SourceQuality "1"]

1. d4 Nf6 2. Nf3 g6 3. Nbd2 d5 4. c4 c6 5. e3 Bg7 6. Be2 0-0 7. 0-0 Nbd7 8. b4 a5 9. b5 cxb5 10. cxb5 a4 11. Ba3 Re8 12. Rc1 e5 13. Nxe5 Nxe5 14. dxe5 Rxe5 15. Qc2 Qe8 16. Bb2 Re7 17. Bd4 Ne4 18. Bxg7 Kxg7 19. Qb2+ Kg8 20. Nf3 Bg4 21. Rfd1 a3 22. Qd4 Bxf3 23. gxf3 Ng5 24. Qxd5 Nh3+ 25. Kf1 Re5 26. Qd7 Qxd7 27. Rxd7 Rg5 28. Ke1 Rg1+ 29. Kd2 Rxc1 30. Kxc1 Ra4 31. Rxb7 Rb4 32. Ra7 Ng1 33. Bd3 Nxf3 34. Rxa3 1-0

[Event "Oberliga Baden 1112"]
[Site "Germany"]
[Date "2011.11.20"]
[Round "3.7"]
[White "Heuser, Philip"]
[Black "Regez, Markus"]
[Result "1/2-1/2"]
[WhiteElo "2169"]
[BlackElo "2206"]
[PlyCount "45"]
[EventDate "2011.10.02"]
[EventType "team-tourn"]
[EventRounds "9"]
[EventCountry "GER"]
[SourceTitle "EXT 2013"]
[Source "ChessBase"]
[SourceDate "2012.11.22"]
[SourceVersion "1"]
[SourceVersionDate "2012.11.22"]
[SourceQuality "1"]
[WhiteTeam "Kirchheim"]
[BlackTeam "Dreisamtal"]
[WhiteTeamCountry "GER"]
[BlackTeamCountry "GER"]

1. d4 Nf6 2. c4 g6 3. Nf3 Bg7 4. g3 0-0 5. Bg2 d5 6. 0-0 dxc4 7. Na3 Nc6 8. Nxc4 Be6 9. b3 Bd5 10. Bb2 a5 11. Re1 a4 12. Ne3 Be4 13. bxa4 Ra6 14. Rc1 Qa8 15. Ne5 Bxg2 16. Nxg2 Nxe5 17. dxe5 Rd8 18. Qc2 Nd5 19. a3 Rc6 20. Qb3 Rb6 21. Qc2 Rc6 22. Qb3 Rb6 23. Qc2 1/2-1/2

[Event "Oberliga Baden 1011"]
[Site "Baden"]
[Date "2011.04.10"]
[Round "9.7"]
[White "Heuser, Philip"]
[Black "Regez, Markus"]
[Result "1-0"]
[WhiteElo "2106"]
[BlackElo "2206"]
[PlyCount "69"]
[EventDate "2010.10.10"]
[EventType "team-tourn"]
[EventRounds "9"]
[EventCountry "GER"]
[SourceTitle "EXT 2012"]
[Source "ChessBase"]
[SourceDate "2011.11.24"]
[SourceVersion "1"]
[SourceVersionDate "2011.11.24"]
[SourceQuality "1"]
[WhiteTeam "Kirchheim"]
[BlackTeam "Dreisamtal"]
[WhiteTeamCountry "GER"]
[BlackTeamCountry "GER"]

1. d4 d5 2. c4 e6 3. Nc3 Be7 4. Nf3 Nf6 5. Bg5 h6 6. Bh4 0-0 7. e3 Ne4 8. Bxe7 Qxe7 9. cxd5 Nxc3 10. bxc3 exd5 11. Qb3 Rd8 12. Be2 Nc6 13. 0-0 Rb8 14. a4 Bf5 15. Rac1 Rd6 16. Rfe1 h5 17. Nd2 Qg5 18. f4 Qg6 19. Bf3 Na5 20. Qb4 b6 21. e4 dxe4 22. Nxe4 Bxe4 23. Rxe4 Re6 24. Rce1 Rbe8 25. Re5 Rxe5 26. fxe5 h4 27. Bd5 h3 28. Rf1 Re6 29. Rf2 Nc6 30. Bxe6 Nxb4 31. Bxf7+ Qxf7 32. Rxf7 Kxf7 33. cxb4 Ke6 34. b5 Kd5 35. gxh3 1-0

[Event "EU-Cup 25th"]
[Site "Ohrid"]
[Date "2009.10.05"]
[Round "2.3"]
[White "Regez, Markus"]
[Black "Jirka, Jiri"]
[Result "0-1"]
[WhiteElo "2208"]
[BlackElo "2404"]
[PlyCount "74"]
[EventDate "2009.10.04"]
[EventType "team-swiss"]
[EventRounds "7"]
[EventCountry "MKD"]
[SourceTitle "CBM 133"]
[Source "ChessBase"]
[SourceDate "2009.11.19"]
[SourceVersion "1"]
[SourceVersionDate "2009.11.19"]
[SourceQuality "1"]
[WhiteTeam "Niederrohrdorf"]
[BlackTeam "Porat Mathematics"]
[WhiteTeamCountry "SUI"]
[BlackTeamCountry "ISR"]

1. Nf3 d5 2. c4 c6 3. g3 Nf6 4. Bg2 g6 5. cxd5 cxd5 6. d4 Bg7 7. Nc3 0-0 8. 0-0 Ne4 9. Qb3 Nc6 10. e3 Na5 11. Qc2 Nxc3 12. Qxc3 Bf5 13. Bd2 Nc4 14. b3 Nd6 15. Qa5 Ne4 16. Qxd8 Rfxd8 17. Bb4 Bf8 18. Rfc1 a5 19. Be1 b6 20. Bf1 Rdc8 21. Nh4 Bd7 22. f3 Nd6 23. a4 g5 24. Ng2 Bf5 25. Bd2 Rc2 26. Rxc2 Bxc2 27. Ra3 e6 28. Ne1 Bd1 29. Ra1 Bxb3 30. Rb1 Bxa4 31. Rxb6 Nc4 32. Bxc4 dxc4 33. e4 h6 34. Bc3 Bb3 35. Nd3 cxd3 36. Rxb3 a4 37. Rb1 Rc8 0-1

[Event "EU-Cup 25th"]
[Site "Ohrid"]
[Date "2009.10.04"]
[Round "1.2"]
[White "Brenjo, Slavisa"]
[Black "Regez, Markus"]
[Result "1-0"]
[WhiteElo "2495"]
[BlackElo "2208"]
[PlyCount "55"]
[EventDate "2009.10.04"]
[EventType "team-swiss"]
[EventRounds "7"]
[EventCountry "MKD"]
[SourceTitle "CBM 133"]
[Source "ChessBase"]
[SourceDate "2009.11.19"]
[SourceVersion "1"]
[SourceVersionDate "2009.11.19"]
[SourceQuality "1"]
[WhiteTeam "Belgrade Lasta"]
[BlackTeam "Niederrohrdorf"]
[WhiteTeamCountry "YEM"]
[BlackTeamCountry "SUI"]

1. e4 Nf6 2. e5 Nd5 3. d4 d6 4. Nf3 Nc6 5. c4 Nb6 6. e6 fxe6 7. Nc3 g6 8. h4 Bg7 9. Be3 e5 10. d5 Nd4 11. Nxd4 exd4 12. Bxd4 Bxd4 13. Qxd4 e5 14. dxe6 0-0 15. h5 Qf6 16. Qxf6 Rxf6 17. hxg6 hxg6 18. Nd5 Bxe6 19. Nxc7 Raf8 20. b3 R8f7 21. Ne8 Rxf2 22. Nxd6 Rf8 23. 0-0-0 Bg4 24. Re1 Rxa2 25. Bd3 Rxg2 26. Bxg6 Rf6 27. Re8+ Kg7 28. Be4 1-0

[Event "Biel MTO op"]
[Site "Biel"]
[Date "2005.07.29"]
[Round "11"]
[White "Regez, Markus"]
[Black "Stock, Lara"]
[Result "0-1"]
[WhiteElo "2193"]
[BlackElo "2164"]
[PlyCount "48"]
[EventDate "2005.07.18"]
[EventType "swiss"]
[EventRounds "11"]
[EventCountry "SUI"]
[SourceTitle "CBM 107 Extra"]
[Source "ChessBase"]
[SourceDate "2005.09.01"]
[SourceVersion "1"]
[SourceVersionDate "2005.09.01"]
[SourceQuality "1"]

1. d4 d5 2. c4 e6 3. Nc3 Nf6 4. cxd5 exd5 5. Bg5 c6 6. Qc2 Bd6 7. e3 0-0 8. Bd3 h6 9. Bh4 Re8 10. Nf3 Bg4 11. Nd2 Nbd7 12. h3 Be6 13. Nf1 Rc8 14. 0-0-0 c5 15. Kb1 cxd4 16. exd4 Bb4 17. Qb3 Bxc3 18. bxc3 Rc6 19. Ka1 Qc7 20. Rc1 Qf4 21. Ne3 Qxh4 22. g3 Qh5 23. f4 Qf3 24. Rce1 Bxh3 0-1

[Event "Basel Hilton op 06th"]
[Site "Basel"]
[Date "2004.01.04"]
[Round "7"]
[White "Raetsky, Alexander"]
[Black "Regez, Markus"]
[Result "1/2-1/2"]
[WhiteElo "2417"]
[BlackElo "2139"]
[PlyCount "119"]
[EventDate "2004.01.01"]
[EventType "swiss"]
[EventRounds "7"]
[EventCountry "SUI"]
[SourceTitle "CBM 098 Extra"]
[Source "ChessBase"]
[SourceDate "2004.03.10"]
[SourceVersion "2"]
[SourceVersionDate "2004.03.10"]
[SourceQuality "1"]

1. e4 Nf6 2. e5 Nd5 3. d4 d6 4. c4 Nb6 5. exd6 cxd6 6. Nc3 g6 7. Be3 Bg7 8. Rc1 0-0 9. b3 e5 10. dxe5 dxe5 11. Qxd8 Rxd8 12. c5 N6d7 13. Nf3 Nc6 14. Bc4 h6 15. Ne4 Na5 16. Bd5 Nf6 17. Nxf6+ Bxf6 18. Rd1 Kg7 19. 0-0 Bd7 20. Rd2 Bc6 21. Rfd1 Bxd5 22. Rxd5 Nc6 23. a3 Rxd5 24. Rxd5 Rd8 25. Rxd8 Bxd8 26. b4 a6 27. Nd2 f5 28. f3 h5 29. Nc4 Bc7 30. Bd2 Kf6 31. Bc3 Ke6 32. Kf2 Ne7 33. h3 Nd5 34. Bd2 Nf6 35. Bc3 Kd5 36. Ne3+ Ke6 37. Nc4 Kd5 38. Ne3+ Ke6 39. Ke2 Nd5 40. Kd3 Nxe3 41. Kxe3 Kd5 42. g4 hxg4 43. hxg4 fxg4 44. fxg4 Bd8 45. Be1 e4 46. Kf4 Kd4 47. Bf2+ Kd3 48. a4 g5+ 49. Kf5 e3 50. Be1 e2 51. b5 axb5 52. axb5 Kc4 53. c6 b6 54. Ke6 Kxb5 55. Kd7 Kc5 56. Kxd8 Kxc6 57. Ke7 Kc5 58. Kf6 Kc4 59. Kxg5 b5 60. Kf4 1/2-1/2

[Event "Basel Hilton op 06th"]
[Site "Basel"]
[Date "2004.01.01"]
[Round "1"]
[White "Regez, Markus"]
[Black "Malakhatko, Vadim"]
[Result "0-1"]
[WhiteElo "2139"]
[BlackElo "2543"]
[PlyCount "64"]
[EventDate "2004.01.01"]
[EventType "swiss"]
[EventRounds "7"]
[EventCountry "SUI"]
[SourceTitle "CBM 098 Extra"]
[Source "ChessBase"]
[SourceDate "2004.03.10"]
[SourceVersion "2"]
[SourceVersionDate "2004.03.10"]
[SourceQuality "1"]

1. d4 Nf6 2. c4 c5 3. d5 b5 4. cxb5 a6 5. Nc3 axb5 6. e4 b4 7. Nb5 d6 8. Bf4 Nxe4 9. Bd3 g5 10. Be3 Nf6 11. Bxg5 Bg7 12. Ne2 Nbd7 13. Ng3 Ne5 14. 0-0 Qb6 15. a4 bxa3 16. Rxa3 Rxa3 17. bxa3 Bg4 18. Qa4 0-0 19. Bc2 Bd7 20. Rb1 c4 21. Be3 Qb8 22. f4 Nxd5 23. Ba7 Qa8 24. fxe5 Bxb5 25. Rxb5 Nc3 26. Qxc4 Qxa7+ 27. Kh1 Nxb5 28. Qe4 Rc8 29. Qxh7+ Kf8 30. Nh5 Bxe5 31. Qh6+ Ke8 32. Bf5 Qf2 0-1

[Event "Zuerich op 26th"]
[Site "Zuerich"]
[Date "2002.12.30"]
[Round "7"]
[White "Kuehn, Manfred"]
[Black "Regez, Markus"]
[Result "1-0"]
[WhiteElo "2267"]
[BlackElo "2129"]
[PlyCount "79"]
[EventDate "2002.12.26"]
[EventType "swiss"]
[EventRounds "7"]
[EventCountry "SUI"]
[SourceTitle "CBM 091 Extra"]
[Source "ChessBase"]
[SourceDate "2003.01.09"]
[SourceVersion "1"]
[SourceVersionDate "2003.01.09"]
[SourceQuality "1"]

1. e4 Nf6 2. e5 Nd5 3. d4 d6 4. Nf3 dxe5 5. Nxe5 c6 6. Nd2 Nd7 7. Nd3 g6 8. Nf3 Bg7 9. Be2 0-0 10. 0-0 b6 11. Re1 Bb7 12. Bg5 Re8 13. Bf1 Rc8 14. Qd2 c5 15. c4 Nc7 16. d5 f6 17. Bh4 b5 18. b3 a6 19. Rad1 e6 20. d6 Na8 21. Nde5 b4 22. Qc2 Nab6 23. Bd3 Nf8 24. Be4 Bxe4 25. Qxe4 g5 26. Qb7 fxe5 27. Bxg5 Rb8 28. Qe4 Qd7 29. Nxe5 Bxe5 30. Qxe5 Ng6 31. Qxc5 e5 32. Qe3 Qe6 33. c5 Nd5 34. Qd3 Ngf4 35. Qg3 Kh8 36. d7 Rg8 37. Bxf4 Rxg3 38. Bxe5+ Kg8 39. Bxg3 Qxd7 40. Bxb8 1-0

[Event "Biel MTO op"]
[Site "Biel"]
[Date "2002.08.02"]
[Round "11"]
[White "Tillmann, Marc"]
[Black "Regez, Markus"]
[Result "0-1"]
[WhiteElo "2098"]
[BlackElo "2128"]
[PlyCount "88"]
[EventDate "2002.07.22"]
[EventType "swiss"]
[EventRounds "11"]
[EventCountry "SUI"]
[SourceTitle "EXT 2003"]
[Source "ChessBase"]
[SourceDate "2002.11.25"]
[SourceVersion "1"]
[SourceVersionDate "2002.11.25"]
[SourceQuality "1"]

1. d4 Nf6 2. Nf3 g6 3. g3 Bg7 4. Bg2 0-0 5. c4 d5 6. cxd5 Nxd5 7. 0-0 Nb6 8. e4 Nc6 9. d5 Na5 10. Nc3 c6 11. dxc6 Nxc6 12. Qc2 Bg4 13. h3 Bxf3 14. Bxf3 Nd4 15. Qd3 Nxf3+ 16. Qxf3 Qc8 17. Kg2 Qe6 18. Bf4 Rac8 19. Rac1 Nc4 20. b3 Ne5 21. Qe3 Rfd8 22. Nd5 Nc6 23. Rfd1 h6 24. Bc7 Rf8 25. Nf4 Qf6 26. e5 Qf5 27. Nd5 Rfe8 28. g4 Qg5 29. f4 Qh4 30. e6 f5 31. g5 hxg5 32. fxg5 Rxc7 33. Nxc7 f4 34. Qc5 f3+ 35. Kxf3 Qxh3+ 36. Ke2 Qh2+ 37. Qf2 Qe5+ 38. Qe3 Qxc7 39. Rd7 Qh2+ 40. Qf2 Qe5+ 41. Qe3 Qh2+ 42. Qf2 Qh5+ 43. Ke1 Rf8 44. Qg2 Qh4+ 0-1

[Event "Biel MTO op"]
[Site "Biel"]
[Date "2002.07.28"]
[Round "6"]
[White "Allemann, Anton"]
[Black "Regez, Markus"]
[Result "1-0"]
[WhiteElo "2228"]
[BlackElo "2128"]
[PlyCount "59"]
[EventDate "2002.07.22"]
[EventType "swiss"]
[EventRounds "11"]
[EventCountry "SUI"]
[SourceTitle "EXT 2003"]
[Source "ChessBase"]
[SourceDate "2002.11.25"]
[SourceVersion "1"]
[SourceVersionDate "2002.11.25"]
[SourceQuality "1"]

1. e4 Nf6 2. e5 Nd5 3. c4 Nb6 4. d4 d6 5. exd6 cxd6 6. Nc3 g6 7. Be3 Bg7 8. Rc1 0-0 9. b3 f5 10. g3 e5 11. dxe5 dxe5 12. Qxd8 Rxd8 13. c5 N6d7 14. Bc4+ Kf8 15. Nd5 f4 16. gxf4 exf4 17. Bxf4 Nxc5 18. Nc7 b6 19. Rd1 Bc3+ 20. Ke2 Rxd1 21. Kxd1 Bb7 22. Bd5 Bxd5 23. Nxd5 Ne4 24. Nh3 Na6 25. f3 Nf2+ 26. Nxf2 Rd8 27. Kc2 Bd4 28. Ne3 Nb4+ 29. Kb1 Re8 30. Ne4 1-0